Vista normal Vista MARC

Entrada Topical Term

Número de registros utilizados en: 2

001 - CONTROL NUMBER

  • control field: 10652

003 - CONTROL NUMBER IDENTIFIER

  • control field: OSt

005 - DATE AND TIME OF LATEST TRANSACTION

  • control field: 20200922133222.0

008 - FIXED-LENGTH DATA ELEMENTS

  • fixed length control field: 200922|| aca||aabn | a|a d

040 ## - CATALOGING SOURCE

  • Original cataloging agency: OSt
  • Transcribing agency: OSt

150 ## - HEADING--TOPICAL TERM

  • Topical term or geographic name entry element: Matrices (Matemáticas)

670 ## - SOURCE DATA FOUND

  • Source citation: Work cat.: (OSt)3419: Grossman, Stanley I., autor 10649, Álgebra lineal /, 1996.